Central Library OPAC University of Rajshahi

Perso-Arabic elements in Bengali / (Record no. 1487)

MARC details
000 -LEADER
fixed length control field 00915nam a2200253 a 4500
001 - CONTROL NUMBER
control field 1487
003 - CONTROL NUMBER IDENTIFIER
rucl marc code BD-RjUL
005 - DATE AND TIME OF LATEST TRANSACTION
control field 20211208233339.0
008 - FIXED-LENGTH DATA ELEMENTS--GENERAL INFORMATION
fixed length control field 160620r20021967bg 000 0 eng
020 ## - INTERNATIONAL STANDARD BOOK NUMBER
International Standard Book Number 9840743147 :
Terms of availability TK: 150.00
035 ## - SYSTEM CONTROL NUMBER
System control number (BD-RjUL)1510
040 ## - CATALOGING SOURCE
Original cataloging agency DLC
Transcribing agency OrPS
Modifying agency DLC
-- BD-RjUL
Language of cataloging eng
041 ## - LANGUAGE CODE
Language code of text/sound track or separate title eng
082 ## - DEWEY DECIMAL CLASSIFICATION NUMBER
Edition number 23
Classification number 491.44249155
Author mark and year HIP 2002
100 1# - MAIN ENTRY--PERSONAL NAME
Personal name Hilali, Ghulam Maqsud
Dates associated with a name 1900-1961.
9 (RLIN) 116392
245 10 - TITLE STATEMENT
Title Perso-Arabic elements in Bengali /
Statement of responsibility, etc. Shaikh Ghulam Maqsud Hilali ; edited by Muhammad Enamul Haq.
260 ## - PUBLICATION, DISTRIBUTION, ETC. (IMPRINT)
Place of publication, distribution, etc. Dhaka,
Name of publisher, distributor, etc. Fazlur Rahim,
Date of publication, distribution, etc. 1967,[Reprint2002]
300 ## - PHYSICAL DESCRIPTION
Pagination xiii, 311 p. ;
Size 25 cm.
650 #0 - SUBJECT ADDED ENTRY--TOPICAL TERM
Topical term or geographic name as entry element Bengali language
General subdivision Foreign words and phrases
-- Persian.
9 (RLIN) 116393
Topical term or geographic name as entry element Bengali language
General subdivision Foreign words and phrases
-- Arabic.
9 (RLIN) 116394
700 1# - ADDED ENTRY--PERSONAL NAME
Personal name Haq, Muhammad Enamul,
Dates associated with a name 1906-1982.
942 ## - ADDED ENTRY ELEMENTS (KOHA)
Source of classification or shelving scheme Dewey Decimal Classification
Koha item type Books
Holdings
Lost status Source of classification or shelving scheme Damaged status Not for loan Collection code Permanent Location Current Location Shelving location Date acquired Source of acquisition Cost, normal purchase price Total Checkouts Full call number Date last seen Copy number Koha item type
  Dewey Decimal Classification   Not For Loan Reference Central Library, University of Rajshahi Central Library, University of Rajshahi   19/03/2015 News Home, Rajshahi 1000.00   R 491.44249155 HIP 2012 23/03/2015 C-1 Books
  Dewey Decimal Classification   Not For Loan Reference Central Library, University of Rajshahi Central Library, University of Rajshahi   19/03/2015 News Home, Rajshahi 1000.00   R 491.44249155 HIP 2012 23/03/2015 C-2 Books
  Dewey Decimal Classification   Not For Loan Reference Central Library, University of Rajshahi Central Library, University of Rajshahi   19/03/2015 News Home, Rajshahi 1000.00   R 491.44249155 HIP 2012 23/03/2015 C-3 Books
  Dewey Decimal Classification     Non-fiction Central Library, University of Rajshahi Central Library, University of Rajshahi   18/07/2012 Bangla Academy, Dhaka 150.00   491.44249155 HIP 2002 20/06/2016 C-4 Books
  Dewey Decimal Classification     Non-fiction Central Library, University of Rajshahi Central Library, University of Rajshahi   18/07/2012 Bangla Academy, Dhaka 150.00   491.44249155 HIP 2002 20/06/2016 C-5 Books